Luis Segura Vilchis /
Monografía sobre Luis Segura Vilchis (1903-1927), militante coahuilense de la Liga Nacional Defensora de la Libertad Religiosa y quien dirigió el 13 de noviembre de 1927 un atentado fallido contra Alvaro Obregón, en ese momento presidente electo de México. La autoría del hecho fue adjudicada al jesu...
محفوظ في:
| المؤلف الرئيسي: | |
|---|---|
| التنسيق: | كتاب |
| اللغة: | الإسبانية |
| منشور في: |
México :
Jus,
1968, c1967
|
| الموضوعات: | |
| الوسوم: |
لا توجد وسوم, كن أول من يضع وسما على هذه التسجيلة!
|
MARC
| LEADER | 00000nam^a2200000^a^4500 | ||
|---|---|---|---|
| 001 | 000119572 | ||
| 005 | 20250521000000.0 | ||
| 009 | 20260310094319.963 | ||
| 037 | |a Acervo ITESO - Biblioteca | ||
| 041 | |a ESP | ||
| 082 | |a 972. 062 |b BAR | ||
| 100 | |a Barquín y Ruiz, Andrés |e (autor) | ||
| 245 | 1 | 0 | |a Luis Segura Vilchis / |c A. Barquín y Ruiz. |
| 264 | 4 | |a México : |b Jus, |c 1968, c1967 | |
| 300 | |a 255 p. | ||
| 336 | |a texto |b txt |2 rdacontenido | ||
| 337 | |a sin mediación |b n |2 rdamedio | ||
| 338 | |a volumen |b nc |2 rdasoporte | ||
| 520 | |a Monografía sobre Luis Segura Vilchis (1903-1927), militante coahuilense de la Liga Nacional Defensora de la Libertad Religiosa y quien dirigió el 13 de noviembre de 1927 un atentado fallido contra Alvaro Obregón, en ese momento presidente electo de México. La autoría del hecho fue adjudicada al jesuita zacatecano Miguel Agustín Pro Juárez (1891-1927), por lo que Segura Vilchis decidió confesar su culpabilidad y en consecuencia, fue fusilado el 27 de noviembre de 1927. | ||
| 649 | |a XX | ||
| 650 | |a Cristeros - |x Biografías | ||
| 650 | |a Militantes Políticos Mexicanos - |x Biografías | ||
| 650 | |a Políticos Mexicanos - |x Biografías | ||
| 650 | |a Asesinato Político - |z México - |x Historia | ||
| 650 | |a Iglesia y Estado - |z México - |x Historia | ||
| 650 | |a Política y Religión - |z México - |x Historia | ||
| 650 | |a Catolicismo - |z México - |x Historia | ||
| 650 | |a Cristianismo - |z México - |x Historia | ||
| 650 | |a Iglesia Católica en México - |x Historia | ||
| 650 | |a Guerra Cristera | ||
| 650 | |a Política - |z México - |x Historia | ||
| 650 | |a México - |x Historia - |y Régimen Obregonista, 1920-1924 | ||
| 650 | |a México - |x Historia - |y Régimen Callista, 1924-1928 | ||
| 650 | |a México - |x Historia - |y Siglo XX | ||
| 650 | |a Segura Vilchis, Luis | ||
| 910 | |a Fondo General | ||
| 920 | |a Impresos - Libros | ||
| 930 | |a Colección General | ||
| 905 | |a 101 | ||
| 901 | |a 0500054264 |b IT1 |c ACC |u 20250521 | ||
| 902 | |a https://opac.biblio.iteso.mx/vufind/Record/000119572 | ||